000 00533nam a2200193Ia 4500
005 20250326141804.0
008 250326s9999 xx 000 0 und d
020 _a0-88730-309-9
037 _aTextbook
040 _aFMSL
_beng
_cFMSL
041 _aeng
_2eng
084 _aX:74 M8
_qFMSL
100 _aWalton Clarence C
_9745077
245 0 _aMoral manager
_cWalton Clarence C
260 _aCambridge
_bCambridge, Ballinger Pub. co.
_c1988
300 _avii,278
942 _cTB
_hX:74 M8
999 _c1291974
_d1291974